Population and world power /

Bibliographic Details
Main Author: Organski, Katherine Fox
Other Authors: Organski, A. F. K., 1923-1998
Format: Book
Language:English
Published: New York : Knopf, 1961.
Edition:[1st ed.].
Subjects:

MARC

Tag First Indicator Second Indicator Subfields
LEADER 00000cam a2200000 4500
001 in00000062602
005 20151007083035.0
008 711104s1961 nyua b 00010 eng u
010 |a  61014322  
035 |a (OCoLC)00168870 
035 |9 AAF8766AM 
040 |c WSU  |d OCL  |d TXA  |d UtOrBLW 
049 |a TXAM  |c [344048] 
050 0 |a HB871  |b .O75 
092 |a 301.32  |b O68p 
100 1 |a Organski, Katherine Fox. 
245 1 0 |a Population and world power /  |c [by] Katherine Organski and A. F. K. Organski. 
250 |a [1st ed.]. 
264 1 |a New York :  |b Knopf,  |c 1961. 
300 |a 263 pages 
336 |a text  |b txt  |2 rdacontent 
337 |a unmediated  |b n  |2 rdamedia 
338 |a volume  |b nc  |2 rdacarrier 
504 |a Includes bibliography. 
650 0 |a Population. 
700 1 |a Organski, A. F. K.,  |d 1923-1998. 
999 |a MARS 
999 f f |s b888c996-b52d-310f-b476-69787270173d  |i d504da58-5f9a-31bf-b80b-a7d738fbb44a  |t 0 
952 f f |p ric  |a Texas A&M University  |b Rellis Campus  |c Joint Library Facility  |d Remote Storage  |t 0  |e HB871 .O75  |h Library of Congress classification  |i unmediated -- volume  |m A14800640352 
998 f f |a HB871 .O75  |t 0  |l Remote Storage